| 000 | 00495nam a2200181Ia 4500 | ||
|---|---|---|---|
| 001 | 20219 | ||
| 005 | 20260306172750.0 | ||
| 008 | 260306t2016||||xx |||||||||||||| ||spa|| | ||
| 041 | _aESP | ||
| 082 |
_a343 _bG78 |
||
| 100 |
_aGrández Castro, Pedro P., _eAUT |
||
| 245 | 0 |
_aSobre la interpretación constitucional y convencional: _bun enfoque transversal en el derecho |
|
| 260 | _c2016 | ||
| 300 |
_a229 páginas : _c24 cm. |
||
| 650 | _aGEN | ||
| 654 | _aCDE | ||
| 942 |
_cLIB _dJUS _fJUS _2ddc _n |
||
| 999 |
_c20219 _d20219 |
||